000 00844nab a2200265 4500
003 BR-BrBNA
005 20250226162728.0
008 250226b bl.||||| |||| 00| 0 por d
040 _aBR-BrBNA
_bpor
072 _aE70
100 _aAndrade, Lívia
245 _aExpointer tchê!
_bAgroeconomia
500 _a2 illus.
650 _aEXPOSIÇÃO AGRÍCOLA
650 _aEXPOSIÇÃO PECUÁRIA
650 _aMÁQUINA AGRÍCOLA
650 _aIMPLEMENTO AGRÍCOLA
650 _aPRODUTO AGROPECUÁRIO
650 _aANIMAL
650 _aCOMERCIALIZAÇÃO
650 _aRIO GRANDE DO SUL
773 0 _01706
_9347824
_dSão Paulo-SP Editora Três Ltda - E-mail: luizfsa@revistadinheiro.com.br 2004
_o2025-0325
_tDinheiro Rural (Brazil)
_x1807-3700
_gv. 2(10) p.32-33; (Aug 2005)
_wBR2025000030
942 _cANA
999 _c330173
_d330173